| 000 | 00420nam a22001697a 4500 | ||
|---|---|---|---|
| 003 | SGT | ||
| 020 | _a9788184736007 | ||
| 082 |
_a616.0757 _bP19C |
||
| 100 | _aCurry, Thomas S...[et. al.] | ||
| 245 | _aChristensen's Physics of Diagnostic radiology | ||
| 250 | _a4th South Asia | ||
| 260 |
_bWolters Kluwer _c2019 |
||
| 300 | _a522 | ||
| 650 | _aRadiology; Physics | ||
| 653 | _aRadiology; Physics | ||
| 942 |
_2ddc _cBK |
||
| 999 |
_c22821 _d22821 |
||